000 00697nam a2200229Ia 4500
001 8755
003 GE_BSU
008 181216s||||||||xx |||||||||||||| ||und||
040 _cGE_BSU
100 _aივარდავა, დილარ
245 _aლარჭემის ხმები
245 _bლექსები
245 _cრედ. მ. ქოიავა, მხატვ. დ. დუნდუა
260 _aთბილისი.
260 _bმერანი
260 _c1971
300 _a107გვ.16სმ.
300 _b1ფ. პორტრ,
653 _aლარჭემის ხმები
653 _aლექსები
942 _cBK
999 _c42065
_d42065